LEADER 01061nam1 2200373 450 001 990000500780203316 035 $a0050078 035 $aUSA010050078 035 $a(ALEPH)000050078USA01 035 $a0050078 100 $a20010611d--------km-y0itay0103----ba 101 $aita 102 $aIT 105 $a||||||||001yy 200 1 $a<> Italia da semplificare 210 $aBologna$cIl mulino 215 $av.$d22 cm 225 2 $aTemi e discussioni 410 $12001$aTemi e discussioni 461 1$1001-------$12001 606 0 $aAmministrazione pubblica$yItalia$xRiforma 606 0 $aAziende$xRapporti con l'amministrazione pubblica 676 $a350.007 710 02$aConfindustria : Centro studi$022508 801 0$aIT$bsalbc$gISBD 912 $a990000500780203316 951 $aCOLL. FK 61$bG$cCOLL. FK 959 $aBK 969 $aGIU 979 $aPATTY$b90$c20010611$lUSA01$h1156 979 $c20020403$lUSA01$h1659 979 $aPATRY$b90$c20040406$lUSA01$h1635 996 $aItalia da semplificare$9690622 997 $aUNISA